| 000 | 00858nac a22002411u 4500 | ||
|---|---|---|---|
| 003 | EG-ScBUE | ||
| 005 | 20221211132616.0 | ||
| 008 | 130127s1995 enkabe f b 000 0 eng d | ||
| 020 | _a1854904051 | ||
| 020 | _a97818549040581 | ||
| 040 |
_aEG-ScBUE _beng _erda _cEG-ScBUE _dEG-ScBUE |
||
| 082 | 0 | 4 |
_a724.6 _bKOU _222 |
| 100 | 1 |
_aKoulermos, Panos, _eauthor. _932008 |
|
| 245 | 1 | 0 |
_a20th century European rationalism / _cPanos Koulermos ; edited by James Steele. |
| 264 | 1 |
_aLondon : _bAcademy Editions, _c1995. |
|
| 300 |
_a223 pages : _billustrations (some color), map, plans ; _c32 cm |
||
| 504 | _aIncludes bibliographical references. | ||
| 650 | 7 |
_aArchitecture, Modern _y20th century _zEurope. _2BUEsh _932009 |
|
| 650 | 7 |
_aRationalism _zEurope. _2BUEsh _910821 |
|
| 653 | _bENGARC | ||
| 655 | _vProjects - Students | ||
| 942 |
_cBB _k724.6 KOU _2ddc |
||
| 999 |
_c3153 _d3153 |
||